MARC details
| 000 -LEADER |
| fixed length control field |
01000nam a2200265Ia 4500 |
| 003 - CONTROL NUMBER IDENTIFIER |
| control field |
IN-BaIIA |
| 008 - FIXED-LENGTH DATA ELEMENTS--GENERAL INFORMATION |
| fixed length control field |
211028s9999 xx 000 0 eng d |
| 020 ## - INTERNATIONAL STANDARD BOOK NUMBER |
| International Standard Book Number |
951-45-3569-3 |
| 040 ## - CATALOGING SOURCE |
| Transcribing agency |
IIA Library |
| 080 ## - UNIVERSAL DECIMAL CLASSIFICATION NUMBER |
| Universal Decimal Classification number |
520.1(082.2) |
| Item number |
NOR |
| 111 ## - MAIN ENTRY--MEETING NAME |
| Meeting name or jurisdiction name as entry element |
Nordic Astronomy Meeting |
| Number of part/section/meeting |
111th |
| Location of meeting |
University of Helsinki, Helsinki |
| Date of meeting or treaty signing |
1984 Sep. 3-5 |
| 9 (RLIN) |
14447 |
| 245 #0 - TITLE STATEMENT |
| Title |
Nordic Astronomy |
| Remainder of title |
proceedings of the nordic Astronomy meeting, held in University of Helsinki, Helsinki, 3-5 Sep 1984 |
| Statement of responsibility, etc. |
edited by K J Donner, Pasinetti, L. E and Davis A. G Philip |
| 260 ## - PUBLICATION, DISTRIBUTION, ETC. |
| Place of publication, distribution, etc. |
Helsinki |
| Name of publisher, distributor, etc. |
University of Helsinki |
| Date of publication, distribution, etc. |
1984 |
| 300 ## - PHYSICAL DESCRIPTION |
| Extent |
viii, 243p. |
| 650 ## - SUBJECT ADDED ENTRY--TOPICAL TERM |
| Topical term or geographic name entry element |
Astronomy |
| 9 (RLIN) |
80 |
| 650 ## - SUBJECT ADDED ENTRY--TOPICAL TERM |
| Topical term or geographic name entry element |
Astronomy and Astrophysics thesaurus |
| 650 ## - SUBJECT ADDED ENTRY--TOPICAL TERM |
| Topical term or geographic name entry element |
Astrophysics |
| 9 (RLIN) |
794 |
| 650 ## - SUBJECT ADDED ENTRY--TOPICAL TERM |
| Topical term or geographic name entry element |
Galaxies -- Congresses |
| 9 (RLIN) |
14448 |
| 650 ## - SUBJECT ADDED ENTRY--TOPICAL TERM |
| Topical term or geographic name entry element |
Stars -- Evolution -- Congresses |
| 9 (RLIN) |
14449 |
| 700 ## - ADDED ENTRY--PERSONAL NAME |
| Personal name |
Donner, K J., ed. |
| 9 (RLIN) |
14450 |
| 700 ## - ADDED ENTRY--PERSONAL NAME |
| Personal name |
Pasinetti, L. E., ed. |
| 9 (RLIN) |
14451 |
| 700 ## - ADDED ENTRY--PERSONAL NAME |
| Personal name |
Philip, Davis A. G., ed. |
| 9 (RLIN) |
10534 |
| 710 ## - ADDED ENTRY--CORPORATE NAME |
| Corporate name or jurisdiction name as entry element |
IAU |
| 9 (RLIN) |
14452 |
| 942 ## - ADDED ENTRY ELEMENTS (KOHA) |
| Koha item type |
Books |